000 00540nam a2200181Ia 4500
005 20250508163435.0
008 008 250505s9999 xx 000 0 eng d
037 _aDissertations
040 _aFEDL
_beng
_cFEDL
041 _aeng
_2eng
084 _a780.7, BHA/DI
_qFEDL
100 _aBhattacharya Jonaki
_9775325
245 0 _aStudy on interest in music among primary school children
260 _c1990
546 _aM. Ed. Dissertation (Delhi University)
942 _cDIS
_h780.7, BHA/DI
999 _c1383256
_d1383256